Tänä päivänä Suomen historiassa - toukokuu - Statistics

Yleistilastot
  • Tätä visaa on pelattu 85 kertaa
  • Keskiarvotulos 17 / 31
Vastaustilastot
Päivämäärä Vuosi Vihje Vastaus % Oikein
1.5. 1971 Tämä Suomen korkein rakennus avataan Tampereella Näsinneula
96%
27.5. 1950 Tämä huvipuisto avataan Helsingissä Linnanmäki
85%
2.5. 1977 Tämän talvilajin toistaiseksi ainoa suomalainen maailmanmestari Kalle Palander syntyy Alppihiihto
82%
20.5. 1968 Tämä MTV3-kanavan pitkäaikainen meteorologi syntyy Pekka Pouta
79%
3.5. 1808 Tämä linnoitus antautuu venäläisille kahden kuukauden piirityksen jälkeen Viapori
78%
29.5. 1998 Tämä nykytaiteen museo avataan Kiasma
75%
13.5. 1848 Tämä Fredrik Paciuksen säveltämä laulu esitetään ensimmäistä kertaa Maamme
75%
21.5. 2006 Suomen edustaja Lordi voittaa Eurovision laulukilpailun tällä kappaleella Hard Rock Hallelujah
74%
6.5. 1885 Tämän Suomen kansallisrunoilijan patsas paljastetaan Helsingin Esplanadilla J.L. Runeberg
74%
28.5. 1918 Eduskunta hyväksyy tämän valtiotunnuksen käyttöönoton Siniristilippu
67%
17.5. 1953 Yhdessä Suomen kuuluisimmista selvittämättä jääneistä henkirikoksista tämä 17.vuotias nainen murhataan Kyllikki Saari
64%
9.5. 1987 Näille fiktiivisille lastenhahmoille omisttetu museo avataan Tampereella Muumit
64%
24.5. 1955 Tällä viihde-elektroniikkalaitetta lähetetään Suomessa ensimmäistä kertaa julkisesti Televisio
63%
7.5. 1995 Suomi voittaa jääkiekon maailmanmestaruuden ensimmäistä kertaa, tämän hyökkääjän tehdessä hattutempun finaalissa Ruotsia vastaan Ville Peltonen
63%
22.5. 1984 Tässä puolueessa vaikuttanut valtioneuvos ja entinen pääministeri K.-A. Fagerholm kuolee SDP
58%
23.5. 1989 Tämä Tauno Palon vastanäyttelijänä useasti nähty näyttelijätär kuolee Ansa Ikonen
57%
4.5. 1643 Ensimmäiset Turun akatemian opiskelijat saavat tämän tutkintonimikkeen Maisteri
57%
11.5. 1954 Uuden vaalilain myötä eduskunnan vaalikausi pitenee tähän nykyiseen mittaansa 4 vuotta
56%
26.5. 1896 Tästä henkilöstä tulee Venäjän viimeinen tsaari ja samalla Suomen viimeinen suuriruhtinas Nikolai II
51%
15.5. 1918 Tämä sota päättyy venäläissotilaiden hylättyä Inon linnoituksen Sisällissota
50%
10.5. 2005 Tämä köyhien ja vähäosaisten auttaja kuolee Veikko Hursti
49%
16.5. 1935 Tämän urheilulajin ensimmäinen ammattilaisottelu Suomessa pidetään Helsingin Messuhallissa Nyrkkeily
44%
12.5. 2007 Tämä maa voittaa ensimmäisen Suomessa järjestetyn Eurovision laulukilpailun kappaleella Molitva Serbia
42%
14.5. 1840 Tämä Suomessa työskennellyt saksalainen arkkitehti kuolee Carl Ludvig Engel
40%
25.5. 1981 Tämä mm. Lasten liikennelaulu-, Äänisen aallot-, sekä Mikki Hiiri merihädässä-kappaleista tunnettu laulaja ja säveltäjä kuolee Georg Malmstén
40%
8.5. 1932 Tämä suomalainen moottoriurheilutapahtuma järjestetään ensimmäistä kertaa Eläintarhanajot
35%
31.5. 1937 Laki tästä vanhuuden ja työkyvyttömyyden varalta maksettavasta etuudesta säädetään Kansaneläke
32%
19.5. 1985 Tämä Iittala-laseistaan tunnettu muotoilija kuolee Tapio Wirkkala
31%
30.5. 1966 Tämä mm. Paavo Nurmen sekä eduskuntatalon istuntosalin patsaat veistänyt kuvanveistäjä kuolee Wäinö Aaltonen
26%
18.5. 1595 Venäjä tunnustaa Ruotsin oikeudet Viroon ja Suomeen tässä rauhansopimuksessa Täyssinän rauha
22%
5.5. 1945 Maanhankintalaki hyväksyttiin, mahdollistaen tällaisten tilojen muodostamisen mm. siirtoväelle ja rintamamiehille Asutustila
8%
Ehtoja vastaavia visoja ei löytynyt
Tulosjakauma
Jokaisen tuloksen saaneiden osuus
Persentiili vastausten määrän mukaan
Tuloshistoriasi
Et ole pelannut tätä visaa